Preparação para o Exame Nacional (Registo nº 943)
[ vista simples ]
| 000 -Etiqueta do registo | |
|---|---|
| Cabeçalho | 00873nam0a2200313 4500 |
| 005 - Identificador da versão | |
| Campo de controlo | 20240813121819.0 |
| 010 ## - Número internacional normalizado dos livros (ISBN) | |
| Número (ISBN) | 9789720015303 |
| 021 ## - Número do Depósito Legal | |
| Código do país | PT |
| Número | 297830/09 |
| 035 ## - Other System Control Numbers | |
| System Control Number | 0001008 |
| System Control Number | 0000991 |
| 100 ## - Dados gerais de processamento | |
| Dados gerais de processamento | 20091120d m y0pory5003 ba |
| 102 ## - Pais de publicação ou produção | |
| País de publicação | Portugal |
| 101 0# - Língua de publicação | |
| Língua do texto, banda sonora, etc. | Português |
| Língua do documento no original | Português |
| 106 ## - Campo de dados codificados: material textual | |
| Dados codificados do material textual | r |
| 105 ## - Campo de dados codificados: livros | |
| Dados codificados dos livros | a z 001yy |
| 215 ## - Descrição física | |
| Indicação específica da natureza do documento e extensão da espécie | 304 p. |
| Material acompanhante | CD-ROM |
| Dimensões | 30 cm. |
| 200 1# - Titulo e menção de responsabilidade | |
| Título próprio | Preparação para o Exame Nacional |
| Informação de outro título | Língua Portuguesa 9º Ano |
| Primeira menção de responsabilidade | Fernanda Reigota |
| Outras menções de responsabilidade | Margarida Silva |
| 205 ## - Menção da edição | |
| Menção da edição | 3ª ed. |
| 210 ## - Publicação, Distribuição, etc. | |
| Lugar da edição, distribuição, etc. | Porto |
| Nome do editor, distribuidor, etc. | Porto Editora |
| Data da publicação, distribuição, etc. | 2009 |
| 304 ## - Notas relativas a título e menção de responsabilidade | |
| Texto da nota | Tít. orig.: |
| 606 ## - Nome comum usado como assunto | |
| Número de registo de entrada de autoridade | 0001251 |
| Palavra de ordem | Língua Portuguesa |
| Subdivisão de assunto | Testes de Avaliação |
| 675 ## - Classificação Decimal Universal (CDU) | |
| Notação | 811.134.3(079) |
| Edição | BN |
| Língua da edição | por |
| 701 #1 - Nome de autor-pessoa física (co-responsabilidade principal) | |
| Palavra de ordem | Silva |
| Outra parte do nome não tomada para palavra de ordem | Margarida |
| 700 #1 - Nome de autor-pessoa física (responsabilidade principal) | |
| Número de registo de entrada de autoridade | 0001253 |
| Palavra de ordem | Reigota |
| Outra parte do nome não tomada para palavra de ordem | Fernanda |
| 942 ## - Elementos de entrada adicionados (Koha) | |
| Tipo de item no Koha | Livro |
| Situação do levantamento | Origin of item (home branch) (coded) | Biblioteca de empréstimo | Código de barras | Cota | Circulation type (not for loan) | Tipo de documento | Nota do exemplar | Damaged status |
|---|---|---|---|---|---|---|---|---|
| Biblioteca Escolar Eng. Nuno Mergulhão | Biblioteca Escolar Eng. Nuno Mergulhão | BENM1684 | 811 REI | Livro | Sem mensagem |
